00679nam a2200205Ia 4500003000400000008004100004020002300045040000800068100001800076245009000094260003000184300001300214365001100227901002100238902003800259903005800297942001200355952008900367999001700456LDD181029s9999 xx 000 0 und d a8181281616c295.00 cLDD aIbach, Harald 0aSolid-state physicsban introduction to principles of materials sciencecHarald Ibach aNew DelhibSpringerc2006 axii, 495 b295.00 a3401b20-10-2006 aANE/D/441b14-11-2006cFdANEe53 aDiscount-10bReqst by : Lamba Subhalakshmi (Dr.)  2ddccBK 00102ddc4070976489aLDDbLDDl0o530.41 Ib2Sp059818r2018-11-01w2018-11-01yBK c76490d76490